Les 20 plus grandes villes de la Nièvre sur une carte - Statistiques

Statistiques générales
  • Ce quiz a été pris 79 fois
  • Le résultat moyen est 11 sur 20
Réponses sur la Carte
Les réponses sont colorées sur une échelle allant du rouge au vert en fonction du pourcentage des utilisateurs qui les ont devinées à leur premier essai. Vous pouvez retrouver ces pourcentages ci-dessous.
 
Statistiques - réponses
Commune Population % Correct
Nevers 33 172
98%
Cosne-Cours-sur-Loire 9 786
89%
Clamecy 3 597
78%
Decize 5 025
78%
Château-Chinon 1 857
77%
Varennes-Vauzelles 9 166
71%
La Charité-sur-Loire 4 701
69%
Fourchambault 4 019
60%
Imphy 3 175
54%
Coulanges-lès-Nevers 3 678
52%
Marzy 3 650
52%
Guérigny 2 512
48%
Luzy 1 983
45%
Saint-Éloi 2 220
45%
Prémery 1 782
43%
Garchizy 3 666
38%
La Machine 3 213
37%
Saint-Pierre-le-Moûtier 1 828
37%
Pougues-les-Eaux 2 388
35%
Urzy 1 735
29%
Aucun quiz correspondant
Distribution des résultats
% des personnes avec chaque résultat
Percentile par nombre de réponses
Votre historique - résultats
Vous n’avez pas pris ce quiz